000 01164nam a22001937a 4500
001 9441
003 FISKH
005 20260108113116.0
008 260108b cb ||||| |||| 00| 0 eng d
040 _aFISKH
_beng
_cFISKH
_dFISKH
082 _a959.603
100 _aAnonymous
245 _aPhnom Penh :
_b Capital City & Surroundings – A Contemporary Metropolis with Lots to Offer /
_cBy Annonymous
260 _aPhnom Penh :
300 _a54 pages :
_bcolor illustrations ;
_c21 cm .
520 _aThis book presents Phnom Penh, Cambodia’s capital, as a modern metropolis full of history, culture, and attractions. It explores the city’s landmarks, museums, markets, riverside areas, and cultural sites, while also covering the surrounding regions. Designed for tourists, students, and general readers, the book highlights urban development, lifestyle, and local traditions, offering practical travel information alongside insights into the city’s historical and contemporary significance. Through photographs and descriptive narratives, it showcases Phnom Penh as a dynamic destination with much to explore.
942 _2ddc
_cBK
_n0
999 _c9441
_d9441